00762nam a2200181 a 4500003000200000005001700002008004100019050003500060100003200095245011500127260009500242300004600337504004100383650004100424650003300465650003600498650004600534020250307131406.0080827s19uu xx 00 eng d aPGS BF 723.E6.S365b.B827 2008 aBraza, Isabelle Kristine M. aEmotional quotient profiles of rural children with or without scholarship grant /cIsabelle Kristine M. Braza. aLas Piñas City, Philippines : bSouthville International School and Colleges, c2008. a84 pages : billustrations ; c28 cm.  aIncludes bibliographical references. aEmotional intelligence in children.  aRural children vPsychology. aScholarships vSocial aspects.  aEducation, Rural vPsychological aspects.